Szczegóły MARC21

Gdzie jest czas teraźniejszy? /

003 -Nazwa inst., której nr kontr. jest w polu 001 [,]
    • @
    • Nazwa instytucji, której n kontrolny jest w polu 001
    • NUKAT
005 -DATA I CZAS OSTATNIEJ MODYFIKACJI [,]
    • @
    • pole kontrolne
    • 20241231112558.0
020 -Międzynarod. znormalizowany nr książki - ISBN [ , ]
    • a
    • Numer ISBN
    • 838857633X Find
040 -Instytucja sporządzająca opis [ , ]
    • a
    • Instytucja, która sporządziła opis (NP)
    • WR O/KK
    • b
    • Język katalogowania
    • pol
    • e
    • Zasady katalogowania
    • rda
    • c
    • Instytucja, która sporządziła rekord (NP)
    • WR O/KK
    • d
    • Instytucja, która zmodyfikowała rekord (P)
    • WR O/KKs
    • d
    • Instytucja, która zmodyfikowała rekord (P)
    • WR O/PC
    • d
    • Instytucja, która zmodyfikowała rekord (P)
    • SIEDL 001/EC
942 -Rodzaj dokumentu [ , ]
    • c
    • Rodzaj dokumentu
    • Książka
100 -Hasło główne - nazwa osobowa [1, ]
    • a
    • Nazwa osobowa (NP)
    • Koman, Dorota
    • d
    • Daty biograficzne (NP)
    • (1961- ).
    • e
    • Rodzaj współpracy
    • Autor
    • 9
    • KHW
    • 585831
245 -Strefa tytułu i oznaczenia odpowiedzialności [1,0]
    • a
    • Tytuł
    • Gdzie jest czas teraźniejszy? / Find
    • c
    • Pozostałe elementy strefy tytułu i oznaczenia odpowiedzialności (NP)
    • Dorota Koman ; fotografie Tadeusz Wijata.
260 -Strefa adresu wydawniczego [ , ]
    • a
    • Miejsce wydania (P)
    • Warszawa :
    • b
    • Nazwa wydawcy (P)
    • Nowy Świat,
    • c
    • Data wydania (P)
    • 2001.
300 -Strefa opisu fizycznego [ , ]
    • a
    • Określenie formy książki i/lub objętość (NP)
    • 84, [3] strony, [16] stron ilustracji ;
    • c
    • Format (NP)
    • 21 cm.
336 -Typ zawartości [ , ]
    • a
    • Termin opisujący typ zawartości
    • Tekst
    • b
    • Kod określający zawartość
    • txt
    • 2
    • Źródło (terminu i kodu)
    • rdacontent
337 -Typ mediów [ , ]
    • a
    • Tryb odtwarzania
    • Bez urządzenia pośredniczącego
    • b
    • Kod typu mediów
    • n
    • 2
    • Źródło (terminu i kodu)
    • rdamedia
338 -Typ/rodzaj nośnika [ , ]
    • a
    • Hasło opisujące typ nośnika
    • Wolumin
    • b
    • Kod typu nośnika
    • nc
    • 2
    • Źródło (terminu i kodu)
    • rdacarrier
380 -Deskryptor - Forma dzieła (P) [ , ]
    • a
    • forma dzieła (NP)
    • Książki
380 -Deskryptor - Forma dzieła (P) [ , ]
    • a
    • forma dzieła (NP)
    • Poezja
386 -Deskryptor - przynależność kulturowa (P) [ , ]
    • m
    • Wyrażenie wprowadzające (NP)
    • Przynależność kulturowa
    • a
    • Przynależność kulturowa (NP)
    • Literatura polska
388 -Deskryptor - czas powstania dzieła (P) [1, ]
    • a
    • Czas powstania dzieła (NP)
    • 1901-2000
080 -Uniwersalna Klasyfikacja Dziesiętna [ , ]
    • a
    • Symbol klasyfikacji
    • 884-1
648 -Hasło przedmiotowe - chronologia [ ,7]
    • a
    • Deskryptor chronologiczny
    • 1901-2000
    • 2
    • Źródło terminu
    • DBN
    • 9
    • KHW
    • 721448
655 -Hasło w funkcji tematu formalnego [ ,7]
    • a
    • Hasło
    • Wiersze
    • 2
    • Źródło terminu
    • DBN
    • 9
    • KHW
    • 721208
655 -Hasło w funkcji tematu formalnego [ ,7]
    • a
    • Hasło
    • Poezja polska
    • y
    • Określnik chronologiczny
    • 1990-.
    • 2
    • Źródło terminu
    • kaba
    • 9
    • KHW
    • 145151
980 -Symbol UKD [ , ]
    • a
    • UKD
    • 884-1
700 -Hasło dodatkowe - nazwa osobowa [1, ]
    • a
    • Nazwa osobowa (NP)
    • Wijata, Tadeusz Find
    • d
    • Daty biograficzne (NP)
    • (1955-2021).
    • e
    • Określenie rodzaju współpracy
    • Fotografie
    • 9
    • KHW
    • 735952
710 -Hasło dodatkowe - nazwa ciała zbiorowego [2, ]
    • a
    • Nazwa ciała zbiorowego lub nazwa geograficzna jako pierwszy element (NP)
    • Wydawnictwo Nowy Świat.
    • e
    • Rodzaj współpracy
    • Wydawca
    • 4
    • Kod relacji
    • pbl
    • 9
    • KHW
    • 402605
920 -ISBN [ , ]
    • a
    • ISBN
    • 83-88576-33-X Find
Numer inwentarzowy Status udost. Data inwentaryzacji Lokalizacja
JK.18512002-11-19BG